Countries Ending in Y - Statistics

General Stats
  • This quiz has been taken 36 times
    14 since last reset
  • The average score is 6 of 8
Answer Stats
Country % Correct
Germany
89%
Paraguay
89%
Uruguay
89%
Hungary
67%
Italy
67%
Norway
56%
Turkey
56%
Vatican City
44%
No matching quizzes found
Score Distribution
Percent of People with Each Score
Percentile by Number Answered
Your Score History
You have not taken this quiz since the last reset